000 01462naa a22004097a 4500
001 BR6009699
003 BR-BrBNA
005 20240918173101.0
007 ta
008 230509b bl.||||| |||| 00| 0 por d
040 _aBR-BrBNA
_bpor
_cBiblioteca Nacional de Agricultura
041 _a(Pt)
072 _aF25
_b0120
_b3820
_b3830
_b3810
_b3840
_bG514
090 _aF25 BR6009699
100 1 _aVasconcelos, A.L. de
100 1 _aSa Junior, J.P.M. e
100 1 _aAlmeida, L.M. de
100 1 _aAraujo, S.M.C. de
100 1 _aMelo Neto, P.L.P. de
111 1 _a9. Reuniao Brasileira do Milho
_cRecife, PE (Brazil)
_d24 Jul 1972
245 1 _aEfeitos da adubacao nitrogenada, fosfatada, potassica e da calagem na producao do milho em solos latossolicos e podzolicos da zona canavieira de Pernambuco [Zea mays; Brasil]
260 3 _aRecife, PE (Brasil):
_c1972.
500 _aAnais da 9. Reuniao Brasileira do Milho Recife, PE (Brasil): 1972. p. 84-87 (BR6009699-AM)F25
650 _aFertilidade do solo
650 _aMilho
650 _aFertilizante nitrogenado
650 _aFertilizante fosfatado
650 _aFertilizante potassico
650 _aCalcario
650 _aLatossolo
650 _aPodzolico
650 _aProdutividade
650 _aPernambuco
773 0 _tAnais da 9. Reuniao Brasileira do Milho
_wF25 BR6009699
_gRecife, PE (Brasil), 1972. p. 84-87
909 _a202404
_bLucia
_c55
_dLucia Elande
942 _cAM
_2AGRIS
999 _c302781
_d302781